|
|
|
|
| LEADER |
00000cam a2200000 c 4500 |
| 001 |
1609998219 |
| 003 |
DE-627 |
| 005 |
20220605133701.0 |
| 007 |
tu |
| 008 |
110503s2011 gw ||||| 00| ||ger c |
| 015 |
|
|
|a 10,N50
|2 dnb
|
| 016 |
7 |
|
|a 1008732451
|2 DE-101
|
| 020 |
|
|
|a 9783868272352
|c Gb. : EUR 14.95 (DE)
|9 978-3-86827-235-2
|
| 024 |
3 |
|
|a 9783868272352
|
| 024 |
8 |
|
|a Best.-Nr.
|q Best.-Nr.
|
| 035 |
|
|
|a (DE-627)1609998219
|
| 035 |
|
|
|a (DE-576)343170507
|
| 035 |
|
|
|a (DE-599)DNB1008732451
|
| 035 |
|
|
|a (OCoLC)729909276
|
| 040 |
|
|
|a DE-627
|b ger
|c DE-627
|e rakwb
|
| 041 |
|
|
|a ger
|
| 044 |
|
|
|c XA-DE-HE
|
| 082 |
0 |
4 |
|a 830
|a B
|
| 100 |
1 |
|
|0 (DE-627)1413170471
|0 (DE-576)343170477
|4 aut
|a Keppler-Bopp, Elke
|
| 109 |
|
|
|a Keppler-Bopp, Elke
|a Bopp, Elke Keppler-
|
| 245 |
1 |
4 |
|a Das Leben der Amisch
|c Elke Keppler-Bopp
|
| 250 |
|
|
|a 1. Aufl.
|
| 263 |
|
|
|a Erscheint: Mai 2011
|
| 264 |
|
1 |
|a Marburg an der Lahn
|b Verl. der Francke-Buchhandlung
|c 2011
|
| 300 |
|
|
|a 115 S.
|b zahlr. Ill.
|c 205 mm x 135 mm
|
| 336 |
|
|
|a Text
|b txt
|2 rdacontent
|
| 337 |
|
|
|a ohne Hilfsmittel zu benutzen
|b n
|2 rdamedia
|
| 338 |
|
|
|a Band
|b nc
|2 rdacarrier
|
| 689 |
0 |
0 |
|d s
|0 (DE-588)4001720-5
|0 (DE-627)106396072
|0 (DE-576)208843973
|2 gnd
|a Amische
|
| 689 |
0 |
1 |
|d s
|0 (DE-588)4001307-8
|0 (DE-627)106397591
|0 (DE-576)20884225X
|2 gnd
|a Alltag
|
| 689 |
0 |
|
|5 DE-101
|
| 856 |
4 |
2 |
|u http://d-nb.info/1008732451/04
|m B:DE-101
|q application/pdf
|3 Inhaltsverzeichnis
|7 1
|
| 935 |
|
|
|a mteo
|
| 951 |
|
|
|a BO
|
| ELC |
|
|
|b 1
|
| ORI |
|
|
|a SA-MARC-ixtheo_oa001.raw
|
| STA |
0 |
0 |
|a Amish,Old Order Amish Mennonite Church,Mennonites,Everyday life,Everyday life,Daily life,Day-to-day life,Manners and customs in art
|
| STB |
0 |
0 |
|a Amish,Vie quotidienne,Vie quotidienne
|
| STC |
0 |
0 |
|a Amish,Cotidiano,Cotidiano
|
| STD |
0 |
0 |
|a Amish,Quotidianità <motivo>,Quotidianità,Vita quotidiana,Vita quotidiana,Vita quotidiana (motivo),Vita quotidiana
|
| STE |
0 |
0 |
|a 日常生活,日常生活,阿米什人,阿米婿派
|
| STF |
0 |
0 |
|a 日常生活,日常生活,阿米什人,阿米婿派
|
| STG |
0 |
0 |
|a Amish,Cotidiano,Cotidiano
|
| STH |
0 |
0 |
|a Амиши,Повседневная жизнь (мотив),Повседневная жизнь
|
| STI |
0 |
0 |
|a Άμις,Καθημερινότητα (μοτίβο),Καθημερινότητα
|
| SYG |
0 |
0 |
|a Amish,Amische Mennoniten,Amish-Mennoniten-Kirche Alter Verfassung,Old Order Mennonite Church,Old Order Amish Mennonite Church , Alltagsphänomen,Alltagsleben,Alltagswelt,Lebensweise,Tägliches Leben
|